Advanced engineering mathematics (Record no. 1119)

000 -LEADER
fixed length control field 00604nam a2200217 4500
001 - CONTROL NUMBER
control field 1119
003 - CONTROL NUMBER IDENTIFIER
control field BD-DhUET
008 - FIXED-LENGTH DATA ELEMENTS--GENERAL INFORMATION
fixed length control field 140830b xxu||||| |||| 00| 0 eng d
020 ## - INTERNATIONAL STANDARD BOOK NUMBER
International Standard Book Number 0070582378
040 ## - CATALOGING SOURCE
Transcribing agency 0
Modifying agency BD-DhUET
082 ## - DEWEY DECIMAL CLASSIFICATION NUMBER
Classification number 517.383
Item number WYL/1995
100 ## - MAIN ENTRY--PERSONAL NAME
Personal name Wylie, C. Ray
245 ## - TITLE STATEMENT
Title Advanced engineering mathematics
250 ## - EDITION STATEMENT
Edition statement 6th ed.
260 ## - PUBLICATION, DISTRIBUTION, ETC. (IMPRINT)
Place of publication, distribution, etc. New Delhi
Name of publisher, distributor, etc. McGraw-Hill Publishing
Date of publication, distribution, etc. 1995
300 ## - PHYSICAL DESCRIPTION
Extent xxii, 1362 p.
Other physical details ill.
490 ## - SERIES STATEMENT
Series statement Scaum's outline series in mathematics & statistics & statistics
650 #0 - SUBJECT ADDED ENTRY--TOPICAL TERM
Topical term or geographic name as entry element Engineering mathematics
700 ## - ADDED ENTRY--PERSONAL NAME
Personal name Barrett, Louis C.
942 ## - ADDED ENTRY ELEMENTS (KOHA)
Koha item type General Book
Holdings
Koha date last borrowed Sublocation or collection (holding branch) Koha item type Price effective from Koha full call number Shelving location Not for loan Location (home branch) Koha date last seen Withdrawn status Damaged status Piece designation (barcode) Koha issues (times borrowed) Koha normalized classification for sorting Copy number Source of classification or shelving scheme Date acquired Lost status
2014-11-01Central Library, BUETGeneral Book2014-08-30517.383/ WYL/1995Circulation section Central Library, BUET2014-11-11  1078361517_383000000000000_WYL19951 2014-08-30 
 Central Library, BUETReading Item2015-06-13517.383/WYL/1995Reading section Central Library, BUET2015-06-13  99969 517_383000000000000_WYL_19952 2015-06-13 
 Central Library, BUETGeneral Book2017-04-08517.383/WYL/1995Circulation section Central Library, BUET2017-04-08  100639 517_383000000000000_WYL_19953 2005-03-14